000 00703cam a22002293a 4500
001 31190
003 PGUSA
005 20140828083656.0
008 100205s2010||||xxu|||||s|||||000 | eng d
040 _aPGUSA
_beng
042 _adc
050 4 _aQC
100 1 _aSampaio, Diogo de Carvalho e,
_d1750-1807
245 1 0 _aTratado das Cores :
_bQue consta de tres partes: analytica, synthetica, hermeneutica
_h[electronic resource] /
_cDiogo de Carvalho e Sampaio
260 _bProject Gutenberg,
_c2010
506 _aPublic domain in the USA.
516 _aElectronic text
653 _aColors
830 0 _aProject Gutenberg
_v31190
856 4 0 _uhttp://www.gutenberg.org/ebooks/31190
942 _cEB
999 _c260445
_d260445